003060000a2200145000450000500170000010000180001724500360003526000150007130000090008604000080009536500090010365000130011265000190012565000160014420120302061551.0 a Garde,Ra.Kru a Surya Namaskaar Va Praanaayaam aPune:1956. a80p. aMAR b15/- aVyaayaam aSuryanamaskaar aPraanaayaam